Visualizzazione normale
Vista MARC
- Finney Edward
di Personal Name
Records bibliografici associati: 1
001 - CONTROL NUMBER
- control field: 54598
003 - CONTROL NUMBER IDENTIFIER
- control field: IT-RoPau
005 - DATE AND TIME OF LATEST TRANSACTION
- control field: 20151203212908.0
008 - FIXED-LENGTH DATA ELEMENTS
- fixed length control field: 151203|| aca||aabn | a|a d
040 ## - CATALOGING SOURCE
- Original cataloging agency: IT-RoPau
- Transcribing agency: IT-RoPau
100 ## - HEADING--PERSONAL NAME
- Personal name: Finney Edward
- Miscellaneous information: Codice regista SPICS: 38863
670 ## - SOURCE DATA FOUND
- Source citation: Work cat.: (IT-RoPau)108121: Finney Edward Codice regista SPICS: 38863, PIETRO E PAOLO ATTI DEGLI APOSTOLI - (TERZA PARTE 7.8.9) PIETRO E PAOLO ATTI DEGLI APOSTOLI - (TERZA PARTE 7.8.9) (Rif. Codice opera principale : V0575)